Tratamiento y disposición de las aguas negras de la ciudad de Cartago

Salvato in:
Dettagli Bibliografici
Autore principale: López Rodríguez, Osvaldo
Natura: Sconosciuto
Pubblicazione: [San José, Costa Rica] 1978
Soggetti:
Tags: Aggiungi Tag
Nessun Tag, puoi essere il primo ad aggiungerne!!

MARC

LEADER 00000 a2200000 4500
003 000829
005 20221231143734.0
008 140114s1978 c a m 000 ||s d
040 |c cru CEDI 
090 |a TFG 787 
100 |a López Rodríguez, Osvaldo  |9 16278 
245 |a Tratamiento y disposición de las aguas negras de la ciudad de Cartago 
260 |c 1978  |a [San José, Costa Rica] 
300 |a  [77hojas] : ilustraciones (algunas plegables) ; 28 cm  
500 |a  Tesis (ingeniero civil)--Universidad de Costa Rica.  
650 |x AGUAS RESIDUALES - CARTAGO (COSTA RICA)  |9 16279 
942 |c TFG 
999 |c 11077  |d 11077